Can You Name EVERY Marvel Movie EVER? - Statistics

General Stats
  • This quiz has been taken 88 times
    83 since last reset
  • The average score is 57 of 125
Answer Stats
Year Movie % Correct
1979 | 1990 Captain America
97%
2011 Captain America: The First Avenger
97%
1977 | 2002 Spider-Man
97%
2012 The Amazing Spider-Man
97%
2003 Hulk
91%
1977 | 2008 The Incredible Hulk
91%
2008 Iron Man
90%
2012 The Avengers
84%
2010 Iron Man 2
83%
2011 Thor
83%
2017 Spider-Man: Homecoming
81%
2021 Spider-Man: No Way Home
81%
2015 Avengers: Age of Ultron
79%
2013 Iron Man 3
79%
2019 Spider-Man: Far From Home
79%
2019 Avengers: Endgame
78%
2018 Avengers: Infinity War
78%
2016 Doctor Strange
76%
2004 Spider-Man 2
76%
2015 Ant-Man
74%
2007 Spider-Man 3
74%
2018 Ant-Man and the Wasp
72%
2021 Black Widow
72%
2014 Guardians of the Galaxy
72%
2018 Black Panther
71%
2016 Captain America: Civil War
71%
1994 | 2005 | 2015 Fantastic Four
71%
2016 Deadpool
69%
2022 Thor: Love and Thunder
69%
2013 Thor: The Dark World
69%
2000 X-Men
69%
2013 The Wolverine
67%
2017 Thor: Ragnarok
67%
2018 Deadpool 2
66%
2019 Captain Marvel
64%
2017 Guardians of the Galaxy Vol. 2
62%
2023 Guardians of the Galaxy Vol. 3
62%
1998 Blade
60%
2014 The Amazing Spider-Man 2
60%
2023 The Marvels
60%
2023 Ant-Man and the Wasp: Quantumania
59%
2022 Black Panther: Wakanda Forever
59%
2014 Captain America: The Winter Soldier
59%
2003 Daredevil
57%
2022 Doctor Strange in the Multiverse of Madness
57%
2011 X-Men: First Class
55%
2021 Eternals
53%
2017 Logan
53%
1989 | 2004 The Punisher
53%
2016 X-Men: Apocalypse
53%
2014 X-Men: Days of Future Past
53%
2018 Venom
52%
2005 Elektra
50%
2004 Blade: Trinity
48%
2007 Fantastic Four: Rise of the Silver Surfer
48%
1986 Howard the Duck
48%
2018 Spider-Man: Into the Spider-Verse
48%
2021 Venom: Let There Be Carnage
48%
2009 X-Men Origins: Wolverine
48%
2006 X-Men: The Last Stand
48%
2021 Shang-Chi and the Legend of the Ten Rings
47%
2023 Spider-Man: Across the Spider-Verse
47%
2019 X-Men: Dark Phoenix
47%
2024 Deadpool 3
45%
1978 Dr. Strange
45%
2007 Ghost Rider
45%
2002 Blade II
43%
2025 Captain America: Brave New World
43%
2022 Morbius
43%
2024 Kraven the Hunter
41%
2020 The New Mutants
41%
2024 Madame Web
38%
2003 X-2: X-Men United
38%
2011 Ghost Rider: Spirit of Vengeance
36%
2008 Punisher: War Zone
33%
2005 Man-Thing
29%
2024 Spider-Man: Beyond the Spider-Verse
22%
1990 The Death of the Incredible Hulk
19%
1989 The Trial of the Incredible Hulk
19%
2010 Kick-Ass
17%
2021 The King's Man
17%
2013 Kick-Ass 2
16%
1998 Nick Fury: Agent of S.H.I.E.L.D.
16%
1996 Generation X
14%
1997 Men in Black
14%
2012 Men in Black 3
14%
1988 The Incredible Hulk Returns
14%
2002 Men in Black II
12%
2019 Men in Black: International
12%
2014 Big Hero Six
10%
1979 Captain America II: Death Too Soon
10%
2018 Marvel Rising: Secret Warriors
10%
1977 Return of the Incredible Hulk
10%
2016 Hulk: Where Monsters Dwell
9%
2017 Inhumans
9%
2014 Iron Man and Captain America: Heroes United
9%
2013 Iron Man and Hulk: Heroes United
9%
2013 Iron Man: Rise of Technovore
9%
2017 Kingsman: The Golden Circle
9%
2008 Next Avengers: Heroes of Tomorrow
9%
2010 Planet Hulk
9%
1978 Spider-Man Strikes Back
9%
2006 Ultimate Avengers
9%
2006 Ultimate Avengers II
9%
2014 Avengers Confidential: Black Widow and Punisher
7%
2009 Hulk Versus
7%
2014 Kingsman: The Secret Service
7%
2015 Marvel Superhero Adventures: Frost Fight!
7%
2007 The Invincible Iron Man
7%
2011 Thor: Tales of Asgard
7%
2024 Untitled Third Venom Film
7%
2017 Big Hero Six: Baymax Returns
5%
1980 Dracula: Sovereign of the Damned
5%
1981 Kyoufu Densetsu Kaiki! Frankenstein
5%
1997 Nightman: World Premiere
5%
1978 The Incredible Hulk: Married
5%
2007 Blade: House of Chthon
3%
2007 Doctor Strange: The Sorcerer Supreme
3%
1981 Spider-Man: The Dragon's Challenge
3%
No matching quizzes found
Score Distribution
Percent of People with Each Score
Percentile by Number Answered
Your Score History
You have not taken this quiz since the last reset